| 000 | 00560nam a2200193Ia 4500 | ||
|---|---|---|---|
| 003 | GCL | ||
| 008 | 140319s9999 xx 000 0 ara d | ||
| 040 |
_aGCL / _cGCL |
||
| 082 | 0 | 4 |
_a421 _bن م |
| 100 | 1 | _aنديم المرعشلى | |
| 245 | 1 | 0 |
_aالمرشد الى كنز العمال : فى سنة الاقوال والافعال / _cنديم المرعشلى |
| 700 | 1 | _aاسامة المرعشلى | |
| 300 | _a759 ص | ||
| 490 | _a | ||
| 650 | 0 | 4 | _aالاسلام |
| 650 | 0 | 4 | _aالعبادات |
| 650 | 0 | 4 | _aالمعاملات |
| 942 |
_2ddc _cBK |
||
| 999 |
_c45662 _d45662 |
||